[Event "Pamplona Sub zt 2.3"]
[Site "Pamplona"]
[Date "2012.11.05"]
[Round "2"]
[White "Gonzalez Parejo, Ramon Jr"]
[Black "Martinez Arroyo, Luis Alberto"]
[Result "0-1"]
[WhiteElo "2083"]
[BlackElo "1843"]
[PlyCount "150"]
[EventDate "2012.11.05"]
[EventType "swiss"]
[EventRounds "9"]
[EventCountry "COL"]
[SourceTitle "EXT 2013"]
[Source "ChessBase"]
[SourceDate "2012.11.22"]
[SourceVersion "1"]
[SourceVersionDate "2012.11.22"]
[SourceQuality "1"]

1. e4 d6 2. d4 g6 3. f4 Bg7 4. Nc3 c6 5. Bc4 Qb6 6. e5 d5 7. Bb3 h5 8. Be3 Nh6 9. h3 Nf5 10. Bf2 h4 11. Nf3 a5 12. Qd2 Qa6 13. Na4 b6 14. c3 e6 15. Bc2 Ng3 16. Rg1 Bd7 17. b3 c5 18. dxc5 Bxa4 19. bxa4 bxc5 20. Bxc5 Qc4 21. Bd4 Nd7 22. Qd3 Qc7 23. Nxh4 Ne4 24. Nf3 Rb8 25. Rb1 Rxb1+ 26. Bxb1 0-0 27. Qe3 Ndc5 28. Nd2 Nxd2 29. Kxd2 Nxa4 30. Bc2 Nb2 31. Qg3 Rb8 32. Rb1 Nc4+ 33. Ke2 Rxb1 34. Bxb1 Qb7 35. Bxg6 Qb2+ 36. Ke1 Qd2+ 37. Kf1 fxg6 38. Qxg6 Qxf4+ 39. Kg1 Qf7 40. Qg5 Qf5 41. Qd8+ Kf7 42. Qd7+ Kg6 43. Qe8+ Kh7 44. g4 Qg6 45. Qe7 Nd2 46. Kg2 Qe4+ 47. Kg3 Qf3+ 48. Kh2 Qf4+ 49. Kg2 Qf1+ 50. Kg3 Ne4+ 51. Kh2 Qf4+ 52. Kh1 Qf3+ 53. Kg1 Qg3+ 54. Kf1 Qxh3+ 55. Ke2 Qxg4+ 56. Kd3 Qd1+ 57. Ke3 Qd2+ 58. Kf3 Qd3+ 59. Kg2 Qe2+ 60. Kg1 Qe1+ 61. Kg2 Qe2+ 62. Kg1 Qe1+ 63. Kg2 Qg3+ 64. Kf1 Qf4+ 65. Ke1 Qf5 66. Kd1 Kg6 67. Qe8+ Qf7 68. Qd7 Qf5 69. Ke1 Qf7 70. Qb5 Bxe5 71. Qxa5 Bxd4 72. cxd4 Qf2+ 73. Kd1 Qxd4+ 74. Ke2 Qb2+ 75. Kf3 Qc3+ 0-1

[Event "COL-ch sf"]
[Site "Santa Rosa"]
[Date "2011.06.23"]
[Round "4"]
[White "Martinez Arroyo, Luis Alberto"]
[Black "Manrique, Fernando"]
[Result "1-0"]
[WhiteElo "1711"]
[BlackElo "1940"]
[PlyCount "91"]
[EventDate "2011.06.22"]
[EventType "swiss"]
[EventRounds "11"]
[EventCountry "COL"]
[SourceTitle "CBM 143 Extra"]
[Source "ChessBase"]
[SourceDate "2011.08.29"]
[SourceVersion "1"]
[SourceVersionDate "2011.08.29"]
[SourceQuality "1"]

1. e4 e5 2. Nf3 Nc6 3. Bb5 a6 4. Ba4 Nf6 5. 0-0 Be7 6. Qe2 b5 7. Bb3 0-0 8. c3 d5 9. exd5 Nxd5 10. Nxe5 Nxe5 11. Qxe5 Bb7 12. d4 Bd6 13. Qg5 Qd7 14. Bc2 f5 15. a4 Rae8 16. Bd3 h6 17. Qh5 Nf4 18. Bxf4 Bxf4 19. axb5 axb5 20. Na3 Qd5 21. f3 Bc6 22. Nc2 Bd6 23. Rfe1 Bd7 24. Ne3 Rxe3 25. Rxe3 c5 26. Qh4 f4 27. Be4 Qc4 28. Rd3 cxd4 29. cxd4 Bc6 30. d5 Be8 31. Qe1 b4 32. Qd1 Qc5+ 33. Kh1 Bb5 34. Rc1 Qb6 35. Rd2 Bc5 36. Ra1 Be3 37. Rc2 Rd8 38. Bf5 Kf7 39. Rc8 Rxc8 40. Bxc8 Qd4 41. Be6+ Ke7 42. Qc2 Bc4 43. Qa4 Qxb2 44. Qd7+ Kf6 45. Qf7+ Kg5 46. Qf5+ 1-0

[Event "COL-ch sf "]
[Site "Medellin"]
[Date "2010.06.08"]
[Round "6"]
[White "Martinez Arroyo, Luis Alberto"]
[Black "Contreras, Henry"]
[Result "0-1"]
[WhiteElo "1618"]
[BlackElo "2196"]
[PlyCount "86"]
[EventDate "2010.06.05"]
[EventType "swiss"]
[EventRounds "11"]
[EventCountry "COL"]
[SourceTitle "CBM 136 Extra"]
[Source "ChessBase"]
[SourceDate "2010.07.02"]
[SourceVersion "2"]
[SourceVersionDate "2010.07.15"]
[SourceQuality "1"]

1. e4 c5 2. Nf3 Nc6 3. d4 cxd4 4. Nxd4 Nf6 5. Nc3 d6 6. Bc4 g6 7. h3 Bg7 8. Be3 0-0 9. 0-0 Bd7 10. Bb3 Na5 11. Qd2 Re8 12. f4 e5 13. fxe5 dxe5 14. Nde2 Nxb3 15. axb3 Bc6 16. Ng3 Qxd2 17. Bxd2 h6 18. Be3 a6 19. Rf3 Nd7 20. Rf2 Rac8 21. Raf1 f6 22. Rd1 Nf8 23. Nd5 Rcd8 24. Rfd2 Kf7 25. Nb6 Rxd2 26. Rxd2 Ne6 27. h4 h5 28. Nc4 Rd8 29. Rxd8 Nxd8 30. Na5 Bf8 31. c3 Be7 32. b4 Ne6 33. Nxc6 bxc6 34. Nf1 f5 35. exf5 gxf5 36. g3 f4 37. Bf2 Kg6 38. Nd2 Kf5 39. Kg2 Kg4 40. Nf3 Bf6 41. Nd2 Ng7 42. Ne4 f3+ 43. Kg1 Be7 0-1

[Event "COL-ch sf "]
[Site "Medellin"]
[Date "2010.06.05"]
[Round "1"]
[White "Chaverra, Bismark"]
[Black "Martinez Arroyo, Luis Alberto"]
[Result "0-1"]
[WhiteElo "2138"]
[BlackElo "1618"]
[PlyCount "58"]
[EventDate "2010.06.05"]
[EventType "swiss"]
[EventRounds "11"]
[EventCountry "COL"]
[SourceTitle "CBM 136 Extra"]
[Source "ChessBase"]
[SourceDate "2010.07.02"]
[SourceVersion "2"]
[SourceVersionDate "2010.07.15"]
[SourceQuality "1"]

1. e4 c5 2. c4 Nc6 3. Nc3 e6 4. g3 g6 5. Bg2 Bg7 6. Nge2 Nge7 7. 0-0 0-0 8. a3 a6 9. Rb1 Nd4 10. b4 d6 11. Nxd4 cxd4 12. Ne2 Qc7 13. d3 Bd7 14. Bb2 e5 15. f4 f5 16. Rc1 fxe4 17. dxe4 Bg4 18. Rc2 a5 19. Qd3 axb4 20. axb4 Nc6 21. c5 Be6 22. Ba3 Ra4 23. f5 Bf7 24. b5 Qa5 25. fxg6 hxg6 26. bxc6 Rxa3 27. cxd6 Rxd3 28. c7 Be6 29. Rxf8+ Bxf8 0-1